[Event "BRA-ch 90th"]
[Site "Natal"]
[Date "2024.12.21"]
[Round "11"]
[White "De Aguiar, Lucas Matias"]
[Black "Martins, Alan Pedro Vasconce"]
[Result "1/2-1/2"]
[WhiteElo "1587"]
[BlackElo "1834"]
[PlyCount "96"]
[EventDate "2024.12.13"]
[EventType "swiss"]
[EventRounds "11"]
[EventCountry "BRA"]
[SourceTitle "CB52_2024"]
[SourceDate "2024.12.25"]
[SourceVersion "1"]
[SourceVersionDate "2024.12.25"]
[SourceQuality "1"]

1. e4 c6 2. d4 d5 3. Nc3 dxe4 4. Nxe4 Nf6 5. Nxf6+ exf6 6. c3 Bd6 7. Nf3 0-0 8. Be2 Bg4 9. 0-0 Re8 10. h3 Bh5 11. Re1 Nd7 12. Be3 Nf8 13. Qd2 Ne6 14. Rad1 f5 15. d5 Nc5 16. Bxc5 Bxc5 17. dxc6 Qxd2 18. Rxd2 Bxf3 19. gxf3 bxc6 20. Kf1 Kf8 21. Ba6 Rxe1+ 22. Kxe1 Re8+ 23. Re2 Rxe2+ 24. Kxe2 Ke7 25. a4 Bd6 26. b4 Kd7 27. Bc4 Be5 28. Kd3 Ke7 29. a5 h5 30. Bb3 Bf4 31. c4 Bd6 32. b5 Bc5 33. Ke2 Kd6 34. f4 h4 35. f3 f6 36. Bc2 Kc7 37. Bxf5 Bb4 38. a6 Ba5 39. Be4 cxb5 40. cxb5 Kd6 41. Kd3 Kc5 42. Bc6 g5 43. Ke3 Bc7 44. fxg5 fxg5 45. Ke4 Bf4 46. Kf5 Kb6 47. Ke6 Be3 48. Kf5 Bc1 1/2-1/2

[Event "BRA-ch 90th"]
[Site "Natal"]
[Date "2024.12.18"]
[Round "8"]
[White "Martins, Alan Pedro Vasconce"]
[Black "Patroclo, Arthur Ruiz"]
[Result "0-1"]
[WhiteElo "1834"]
[BlackElo "2108"]
[PlyCount "84"]
[EventDate "2024.12.13"]
[EventType "swiss"]
[EventRounds "11"]
[EventCountry "BRA"]
[SourceTitle "CB52_2024"]
[SourceDate "2024.12.25"]
[SourceVersion "1"]
[SourceVersionDate "2024.12.25"]
[SourceQuality "1"]

1. d4 Nf6 2. Bg5 g6 3. Bxf6 exf6 4. e3 d5 5. g3 Be6 6. Bg2 c6 7. Ne2 Bd6 8. Nd2 f5 9. h4 h5 10. c3 Nd7 11. a4 Nf6 12. Nf4 Qe7 13. Nxe6 Qxe6 14. Qb3 Bxg3 15. 0-0-0 Bxf2 16. Qxb7 0-0 17. Nf3 Ng4 18. Ng5 Bxe3+ 19. Kb1 Bxg5 20. hxg5 Qe2 21. Bxd5 Rab8 22. Bxf7+ Kg7 23. Bc4+ Rxb7 24. Bxe2 Nf2 25. Bf3 Nxd1 26. Rxd1 Rc7 27. Re1 Rff7 28. Re5 h4 29. Rc5 h3 30. b4 h2 31. Kc2 Rfe7 32. Kd2 Kf7 33. b5 cxb5 34. axb5 Rxc5 35. dxc5 Ke8 36. b6 axb6 37. cxb6 Kd8 38. c4 Re4 39. c5 Rf4 40. Bb7 Ke7 41. Bh1 Kd7 42. Bb7 Rc4 0-1

[Event "BRA-ch 90th"]
[Site "Natal"]
[Date "2024.12.13"]
[Round "2"]
[White "Martins, Alan Pedro Vasconce"]
[Black "De Oliveira, Carlos Eduardo Souz"]
[Result "1-0"]
[WhiteElo "1834"]
[BlackElo "1478"]
[PlyCount "97"]
[EventDate "2024.12.13"]
[EventType "swiss"]
[EventRounds "11"]
[EventCountry "BRA"]
[SourceTitle "CB52_2024"]
[SourceDate "2024.12.25"]
[SourceVersion "1"]
[SourceVersionDate "2024.12.25"]
[SourceQuality "1"]

1. d4 d5 2. c4 e6 3. Nc3 Nf6 4. cxd5 exd5 5. Bg5 Be7 6. Qc2 Nc6 7. e3 0-0 8. a3 h6 9. Bh4 Bg4 10. h3 Bh5 11. Bd3 Ne4 12. Bxe7 Nxe7 13. Nxe4 dxe4 14. Bxe4 Bg6 15. Bxg6 Nxg6 16. Nf3 Qd6 17. Rc1 c6 18. 0-0 Rfe8 19. Rfd1 Rac8 20. Qc5 Qxc5 21. Rxc5 b6 22. Rc4 Red8 23. Rdc1 Rd6 24. b4 b5 25. Rc5 Ne7 26. Ne5 f6 27. Nd3 Rd5 28. Rxd5 cxd5 29. Rc5 a6 30. Rxc8+ Nxc8 31. Nc5 Nb6 32. Nxa6 Nc4 33. Kf1 Nxa3 34. Nc5 Kf7 35. Ke2 Ke7 36. Nd3 Kd6 37. Kd1 Nc4 38. Nf4 g5 39. Ne2 Kc6 40. g4 Kd6 41. Ng3 Ke6 42. Nf5 Nd6 43. Nxh6 Ne4 44. f3 Nf2+ 45. Ke2 Nxh3 46. Kf1 Nf4 47. exf4 gxf4 48. Nf5 Kf7 49. Nd6+ 1-0